000 00729cab a2200229 4500
001 WB3024-10
008 090401t1994 xxu||||| |||| 00| 0 eng d
035 _a(Sirsi) u75765
041 _aeng
245 _aWrap up warm and dry
260 _c1994
350 _a0
490 _aBuilding
_v259(7849) 24 June 1994, 58(1)
520 _aWool could provide a viable alternative to mineral fibre and other foam building insulants if new research by Wool Development International proves successful.
650 _aALTERNATIVES
650 _aMINERAL FIBRES
650 _aTHERMAL INSULATION
650 _aWOOL DEVELOPMENT INTERNATIONAL
690 _aBUILT ENVIRONMENT-BUILDING MATERIALS
942 _n0
948 _c04/03/1997
999 _c47657
_d47657